El mundo de los aceites esenciales : (Registro nro. 63055)

Detalles MARC
000 -LEADER
campo de control de longitud fija 02253cam a22003494i 4500
003 - IDENTIFICADOR DE NÚMERO DE CONTROL
campo de control PE-LiUPU
005 - FECHA Y HORA DE LA ÚLTIMA TRANSACCIÓN
campo de control 20250923105424.0
008 - DATOS DE LONGITUD FIJA--INFORMACIÓN GENERAL
campo de control de longitud fija 2020xxxxes pe a rb 000 0 spa d
020 ## - NÚMERO INTERNACIONAL ESTÁNDAR DEL LIBRO
Número Internacional Estándar del Libro 9788412023527
035 ## - NÚMERO DE CONTROL DEL SISTEMA
Número de control de sistema PE-LiUPU000013
040 ## - FUENTE DE CATALOGACIÓN
Centro catalogador/agencia de origen PE-LiUPU
Lengua de catalogación spa
Centro/agencia transcriptor PE-LiUPU
Normas de descripción rda
082 04 - NÚMERO DE LA CLASIFICACIÓN DECIMAL DEWEY
Número de clasificación 668.54
Cutter R934u
Número de edición 23
100 ## - ENTRADA PRINCIPAL--NOMBRE DE PERSONA
Nombre de persona Ruiz García, Manuel,
Término indicativo de función/relación autor.
9 (RLIN) 6891
245 14 - MENCIÓN DEL TÍTULO
Título El mundo de los aceites esenciales :
Resto del título la guía definitiva /
Mención de responsabilidad, etc. Por Manuel Ruiz García, Álex R. Cardenete y Jesús R. Cardenete.
264 #1 - PRODUCCIÓN, PUBLICACIÓN, DISTRIBUCIÓN, FABRICACIÓN Y COPYRIGHT
Producción, publicación, distribución, fabricación y copyright Madrid :
Nombre del de productor, editor, distribuidor, fabricante AMV Ediciones,
Fecha de producción, publicación, distribución, fabricación o copyright 2020.
300 ## - DESCRIPCIÓN FÍSICA
Extensión 317 páginas :
Otras características físicas ilustraciones a color ;
Dimensiones 24 cm
336 ## - TIPO DE CONTENIDO
Término de tipo de contenido texto
Fuente rdacontent
337 ## - TIPO DE MEDIO
Nombre/término del tipo de medio unmediated
Fuente rdamedia
338 ## - TIPO DE SOPORTE
Nombre/término del tipo de soporte volumen
Fuente rdacarrier
504 ## - NOTA DE BIBLIOGRAFÍA, ETC.
Nota de bibliografía, etc. Incluye índice temático, glosario, apéndices y monografías de aceites esenciales.
505 0# - NOTA DE CONTENIDO CON FORMATO
Nota de contenido con formato Sistemas de recolección y producción -- Calidad de los aceites esenciales -- Análisis, control e investigación de los aceites esenciales -- Monografías de aceites esenciales españoles -- Monografías de aceites esenciales no españoles -- Aceites esenciales ecológicos -- -- Aceites esenciales deterpenados , sesquideterpenados y Top Notes -- Comentarios a las monografías desarrolladas -- Identificación de la presencia y porcentaje d unos o varios aceites en una fragancia, aroma alimentario u otra composición -- Epílogo -- Glosario.
520 ## - RESUMEN, ETC.
Sumario, etc. Guía completa y actualizada sobre aceites esenciales, con enfoque técnico y divulgativo: identificación, quimiotipos, propiedades, historia y aplicaciones. Incluye monografías por tipo de aceite y región, orientado a investigadores, terapeutas y público interesado en aromaterapia.
650 14 - PUNTO DE ACCESO ADICIONAL DE MATERIA--TÉRMINO DE MATERIA
Término de materia o nombre geográfico como elemento de entrada Aceites esenciales
Subdivisión general Producción.
9 (RLIN) 6892
650 24 - PUNTO DE ACCESO ADICIONAL DE MATERIA--TÉRMINO DE MATERIA
Término de materia o nombre geográfico como elemento de entrada Aceites esenciales
Subdivisión general Propiedades químicas.
9 (RLIN) 6893
650 24 - PUNTO DE ACCESO ADICIONAL DE MATERIA--TÉRMINO DE MATERIA
Término de materia o nombre geográfico como elemento de entrada Aceites esenciales
Subdivisión general Aplicaciones terapéuticas.
9 (RLIN) 6894
650 24 - PUNTO DE ACCESO ADICIONAL DE MATERIA--TÉRMINO DE MATERIA
Término de materia o nombre geográfico como elemento de entrada Aromaterapia
Subdivisión general Guías y manuales.
9 (RLIN) 6895
700 ## - ENTRADA AGREGADA--NOMBRE PERSONAL
Nombre de persona Cardenete, Álex R.,
Término indicativo de función/relación autor.
9 (RLIN) 6896
700 ## - ENTRADA AGREGADA--NOMBRE PERSONAL
Nombre de persona Cardenete, Jesús R.,
Término indicativo de función/relación autor.
9 (RLIN) 6897
856 40 - LOCALIZACIÓN Y ACCESO ELECTRÓNICOS
Identificador Uniforme de Recursos <a href="https://amvediciones.com/producto/el-mundo-de-los-aceites-esenciales">https://amvediciones.com/producto/el-mundo-de-los-aceites-esenciales</a>
Nota pública Ficha editorial en línea.
942 ## - ELEMENTOS DE ENTRADA SECUNDARIOS (KOHA)
Fuente del sistema de clasificación o colocación Clasificación Decimal Dewey
Tipo de ítem Koha Libros físicos
980 ## - EQUIVALENCIA O REFERENCIA-CRUZADA-MENCIÓN DE SERIE--NOMBRE DE PERSONA/TÍTULO [LOCAL, CANADÁ]
ID del usuario creador del registro 21515
Nombre del creador del registro ROMINA COBOS Adquisiciones
ID del último usuario que modificó el registro 18226
Nombre del último usuario que modificó el registro Jaime Vilcazán Jefe de Análisis Documental
Existencias
Visto por última vez Total de préstamos Signatura topográfica completa Código de barras Copia número Coste, precio de reemplazo Fecha de reemplazo Facultad Tipo de ítem Koha Estado de pérdida Fuente del sistema de clasificación o colocación Restricciones de uso No para préstamo Colección Programa académico Biblioteca de origen Biblioteca actual Ubicación en estantería Fecha de adquisición Fuente de adquisición Coste, precio normal de compra
2025-12-03   668.54 R934u 82744 e1 45.00 2025-09-22 FIA Libros físicos No Perdido Clasificación Decimal Dewey No restringido Disponible para préstamos Colección General Ingeniería de industrias alimentarias Biblioteca CRAI UPeU Lima Biblioteca CRAI UPeU Lima Sala principal 2025-09-19 COMPRA 40.00
2025-12-03   668.54 R934u 82914 e2 51.27 2025-11-26 FIA Libros físicos No Perdido Clasificación Decimal Dewey No restringido Disponible para préstamos Colección General Ingeniería de industrias alimentarias Biblioteca CRAI UPeU Lima Biblioteca CRAI UPeU Lima Sala principal 2025-11-25 COMPRA, J&X DISTRIBUIDORA 46.27